000 00587nam a2200241 a 4500
001 nice12345678
003 IN_TiNIC
005 20260116013631.0
008 050524s0000 newa grp 000 0 urd
020 _a
_c25
082 0 0 _a297.4
_bABD7
100 _aAbdul Haq, Shaikh
245 _aGhousul Wara
260 _aNew Delhi
_bMaktaba Jamia
_c0000
300 _a128p
500 _aincludes index and biblioraphy
505 2 _aAppendix, References, Index
650 _aSufism-Hagiography
700 1 _aAbdul Haq, Shaikh
902 _bSRS
942 _cBK
999 _c11734
_d11734